00654cam4a220024100 4500001001200000005001700012008004100029010001600070035001900086035002200105035002200127040000900149050001800158082000800176245006800184250001600252260004100268350000900309504002900318650004400347740001500391004000600406qce0127535020190826200544.0770415s1961 nyuabc e 000 0deng  a 61006565 a(Sirsi) r63238 a(QCAT)lss01556551 a(UPRA)qce01275350 dUPRA aAE5bENC 1961 a03104aThe Encyclopedia Americana :bthe international reference work. a[1961 ed.]. aNew York :bAmericana Corp.,c[1961] 50.00 aIncludes bibliographies. 0aEncyclopedias and dictionaries.6S750.10 aAmericana.63238